| 000 | 00488nam a2200193 a 4500 | ||
|---|---|---|---|
| 001 | 4362 | ||
| 003 | CO-ViMGA | ||
| 008 | 141112s2004 ck r 000 u spa d | ||
| 040 |
_aCO-ViMGA _bspa _cCO-ViMGA |
||
| 082 | 0 | 4 | _a863.64 S437my |
| 100 | 1 |
_aSierra i Fabra, Jordi _96018 |
|
| 245 | 1 | 0 | _aLos mayores están locos, locos, locos |
| 250 | _a2a | ||
| 260 |
_aMadrid : _bSM, _c1995 |
||
| 300 | _a123 p. | ||
| 490 | _aIsabel Cano | ||
| 650 | 1 | 4 |
_aCUENTOS ESPAÑOLES _93223 |
| 942 |
_2ddc _cBK |
||
| 999 |
_c16374 _d16374 |
||